| 000 | 00544nam a2200181 i 4500 | ||
|---|---|---|---|
| 001 | 99579 | ||
| 003 | ES-MaACL | ||
| 005 | 20230906182524.0 | ||
| 007 | t| | ||
| 008 | 050913s1983 sp ||||1| spa d | ||
| 020 | _a84-7209-166-X | ||
| 100 | 1 |
_aMartínez de Bedoya, Javier. _977982 |
|
| 245 | 1 | 0 |
_aSi Dios existe _b: la libertad y el más allá / _cJavier Martínez de Bedoya. |
| 260 |
_aMadrid : _bUnión Editorial, _c1983. |
||
| 300 |
_a124 p. ; _c21 cm. |
||
| 852 |
_aES-MaACL _jL-11122 _bR.108694 |
||
| 852 |
_aES-MaACL _jG-7086 _bR.108695 |
||
| 999 |
_c99579 _d99579 |
||